Mercado laboral y desarrollo territorial (Registro nro. 34685)

Detalles MARC
000 -LEADER
fixed length control field 00475 a2200145 4500
001 - CONTROL NUMBER
control field ART_45130
005 - DATE AND TIME OF LATEST TRANSACTION
control field 20260410162039.0
008 - FIXED-LENGTH DATA ELEMENTS--GENERAL INFORMATION
fixed length control field 260409a
100 1# - MAIN ENTRY--PERSONAL NAME
Personal name Olguín, Jorge Raúl
245 10 - TITLE STATEMENT
Title Mercado laboral y desarrollo territorial
700 1# - ADDED ENTRY--PERSONAL NAME
Personal name Becerra, María Evelyn
700 1# - ADDED ENTRY--PERSONAL NAME
Personal name Vilchez, Virginia Carolina
700 1# - ADDED ENTRY--PERSONAL NAME
Personal name Ruiz, Karina Andrea
773 0# - HOST ITEM ENTRY
Title Revista de estudios regionales y mercado de trabajo
Related parts - Nº 8 (ene./dic. 2012)
Record control number REV44894

No hay ítems disponibles.